[Event "3rd 4NCL Easter Congress"]
[Site "Mercure Daventry Court Hotel"]
[Date "2023.04.09"]
[Round "5"]
[Board "15"]
[White "Isik, Muhammed Oguz"]
[Black "Verma, Shlok"]
[Result "0-1"]
[WhiteElo "1683"]
[BlackElo "1950"]
[PlyCount "84"]
[EventDate "2023.04.07"]
[EventRounds "7"]
[EventCountry "ENG"]

1. e4 e6 2. d3 d5 3. Nd2 c5 4. Ngf3 Nc6 5. g3 Nge7 6. Bg2 Ng6 7. exd5 exd5 8. O-O
Be7 9. Re1 O-O 10. c3 Bg4 11. h3 Bf5 12. Nf1 Bf6 13. Ne3 Be6 14. d4 cxd4 15. Nxd4
Nxd4 16. cxd4 Ne7 17. Ng4 Nc6 18. Nxf6+ Qxf6 19. Be3 Rac8 20. Qa4 b5 21. Qxb5 Nxd4
22. Bxd4 Qxd4 23. Red1 Qf6 24. Rd2 Rb8 25. Qe2 g6 26. Rad1 Rfd8 27. Rd4 a5 28. b3
Rb4 29. Rxb4 axb4 30. Qb5 Qc3 31. Qb6 Ra8 32. Bxd5 Bxd5 33. Rxd5 Qe1+ 34. Kh2 Rxa2
35. Rd8+ Kg7 36. Qd4+ Kh6 37. Kg2 Ra1 38. Qh4+ Kg7 39. Qd4+ Kh6 40. g4 Qh1+ 41. Kg3
Rg1+ 42. Kf4 g5+  0-1

[Event "3rd 4NCL Easter Congress"]
[Site "Mercure Daventry Court Hotel"]
[Date "2023.04.09"]
[Round "5"]
[Board "16"]
[White "Miller, George I"]
[Black "Sandhu, Manvith"]
[Result "1/2-1/2"]
[WhiteElo "1841"]
[BlackElo "1860"]
[PlyCount "46"]
[EventDate "2023.04.07"]
[EventRounds "7"]
[EventCountry "ENG"]

1. c4 c6 2. e4 e6 3. d4 d5 4. Nc3 dxe4 5. Nxe4 Nf6 6. Nxf6+ Qxf6 7. Nf3 Nd7 8. Bd3
Bb4+ 9. Kf1 Qd8 10. a3 Be7 11. g3 O-O 12. Bd2 c5 13. Bc3 cxd4 14. Nxd4 Bf6 15. Nb5
Bxc3 16. Nxc3 Nf6 17. Ne4 Bd7 18. Qc2 Bc6 19. Nxf6+ Qxf6 20. Bxh7+ Kh8 21. Be4 Bxe4
22. Qxe4 Qxb2 23. Kg2 b6  1/2-1/2

[Event "3rd 4NCL Easter Congress"]
[Site "Mercure Daventry Court Hotel"]
[Date "2023.04.09"]
[Round "5"]
[Board "17"]
[White "Garcia-Ruiz, Aitor"]
[Black "Subramanian, Anusha"]
[Result "1-0"]
[WhiteElo "2078"]
[BlackElo "1827"]
[PlyCount "67"]
[EventDate "2023.04.07"]
[EventRounds "7"]
[EventCountry "ENG"]

1. d4 d5 2. c4 e6 3. Nc3 Nf6 4. cxd5 exd5 5. Bg5 c6 6. Qc2 Be6 7. e3 h6 8. Bh4 Nbd7
9. Bd3 g5 10. Bg3 Nh5 11. Nge2 Qf6 12. O-O-O O-O-O 13. Kb1 Nxg3 14. Nxg3 Kb8 15.
Nh5 Qe7 16. f3 Nf6 17. Nxf6 Qxf6 18. Na4 h5 19. Ka1 Be7 20. Rb1 h4 21. h3 Rhe8 22.
b4 Rc8 23. Nc5 Bxc5 24. bxc5 Rc7 25. Rb3 Bc8 26. Qd2 Qg7 27. Rhb1 f5 28. Ba6 Ree7
29. Ra3 Ka8 30. Bf1 Be6 31. Qa5 a6 32. Bxa6 Kb8 33. Bxb7 Rxb7 34. Qa8+  1-0

[Event "3rd 4NCL Easter Congress"]
[Site "Mercure Daventry Court Hotel"]
[Date "2023.04.09"]
[Round "5"]
[Board "18"]
[White "Estevez Fernandez, Josue"]
[Black "Ackley, Peter JE"]
[Result "0-1"]
[WhiteElo "1832"]
[BlackElo "1931"]
[PlyCount "102"]
[EventDate "2023.04.07"]
[EventRounds "7"]
[EventCountry "ENG"]

1. e4 d6 2. d4 g6 3. Nc3 c6 4. f4 d5 5. e5 h5 6. Bd3 Nh6 7. Be3 Bf5 8. Nf3 e6 9.
Ne2 Bxd3 10. Qxd3 Qa5+ 11. c3 Qa6 12. Qc2 Nd7 13. O-O Rc8 14. Nh4 Nf5 15. Nxf5 gxf5
16. Ng3 h4 17. Nxf5 exf5 18. Qxf5 c5 19. Qh3 Rg8 20. e6 Qxe6 21. f5 Qf6 22. Bf2 Be7
23. Rae1 Kd8 24. Rxe7 Qxe7 25. Re1 Qd6 26. Bxh4+ Kc7 27. g4 Rh8 28. Kg2 Kc6 29. dxc5
Nxc5 30. Be7 Rxh3 31. Bxd6 Rh4 32. Kg3 Rch8 33. Bxc5 Kxc5 34. Re7 f6 35. Rf7 Rxh2
36. Rxf6 Rxb2 37. Rf7 Rc2 38. Rc7+ Kd6 39. Rxb7 Rxc3+ 40. Kf4 Rc4+ 41. Kg5 Rg8+ 42.
Kf6 Rgxg4 43. Rxa7 Ra4 44. Re7 Rxa2 45. Re6+ Kc5 46. Re8 d4 47. Kf7 Rf2 48. f6 Rgf4
49. Rc8+ Kd5 50. Rd8+ Kc4 51. Rd6 Rxf6+  0-1

[Event "3rd 4NCL Easter Congress"]
[Site "Mercure Daventry Court Hotel"]
[Date "2023.04.09"]
[Round "5"]
[Board "19"]
[White "Vijayakumar, Rishi"]
[Black "Kay, Lee P"]
[Result "1/2-1/2"]
[WhiteElo "1846"]
[BlackElo "1923"]
[PlyCount "100"]
[EventDate "2023.04.07"]
[EventRounds "7"]
[EventCountry "ENG"]

1. d4 g6 2. c4 Bg7 3. g3 d6 4. Nf3 e5 5. Nc3 Nd7 6. d5 a5 7. Bg2 Ne7 8. O-O O-O 9.
e4 h6 10. Be3 f5 11. Qc1 g5 12. exf5 Nxf5 13. Ne4 Nxe3 14. fxe3 Nf6 15. Nxf6+ Rxf6
16. Qc2 Bf5 17. e4 Bd7 18. a3 a4 19. b4 axb3 20. Qxb3 b6 21. a4 h5 22. c5 bxc5 23.
a5 h4 24. Rfb1 h3 25. Bf1 Rf8 26. Be2 Qf6 27. Rf1 Qg6 28. Qc2 Bh6 29. a6 g4 30. Nh4
Qg5 31. Qd3 Rfb8 32. Rab1 Rb6 33. Rxb6 cxb6 34. Nf5 Bc8 35. Nxh6+ Qxh6 36. Ra1 Bxa6
37. Rxa6 Qc1+ 38. Bf1 Rxa6 39. Qxa6 Qe3+ 40. Kh1 Qxe4+ 41. Kg1 Qd4+ 42. Kh1 Qxd5+
43. Kg1 Qd4+ 44. Kh1 Qe4+ 45. Kg1 Qe3+ 46. Kh1 Qf3+ 47. Kg1 Qe3+ 48. Kh1 Qf3+ 49.
Kg1 Qe3+ 50. Kh1 Qf3+  1/2-1/2

[Event "3rd 4NCL Easter Congress"]
[Site "Mercure Daventry Court Hotel"]
[Date "2023.04.09"]
[Round "5"]
[Board "20"]
[White "Turner, Lewis A"]
[Black "Gordon, Sean"]
[Result "0-1"]
[WhiteElo "1825"]
[BlackElo "1753"]
[PlyCount "104"]
[EventDate "2023.04.07"]
[EventRounds "7"]
[EventCountry "ENG"]

1. c4 e5 2. Nc3 Nf6 3. g3 d5 4. cxd5 Nxd5 5. Bg2 Nb6 6. Nf3 Nc6 7. O-O Be7 8. d3
O-O 9. Be3 Re8 10. Rc1 Bf8 11. a3 Nd4 12. Bxd4 exd4 13. Ne4 a5 14. Qc2 c6 15. Rfe1
a4 16. Nc5 Ra5 17. b4 axb3 18. Nxb3 Rxa3 19. Nbxd4 Nd5 20. Qb2 Qa5 21. Ra1 g6 22.
Nd2 Qc3 23. Qxc3 Nxc3 24. Rxa3 Bxa3 25. Nc4 Bc5 26. Nb3 Bb4 27. e3 Rd8 28. Ra1 Bf5
29. d4 Be6 30. Nbd2 Ne2+ 31. Kf1 Nxd4 32. exd4 Rxd4 33. Ke2 Bxc4+ 34. Nxc4 Rxc4 35.
Ra2 Be7 36. Kd3 Rb4 37. f4 Bf6 38. Ra8+ Kg7 39. Ra2 h5 40. f5 g5 41. Rc2 Be5 42.
Bf3 g4 43. Be4 Kf6 44. Ra2 Rb3+ 45. Ke2 Bd4 46. Bd3 Rb2+ 47. Rxb2 Bxb2 48. Ke3 b5
49. Kf4 Bd4 50. Bf1 b4 51. Ke4 Bf2 52. Kf4 b3  0-1

[Event "3rd 4NCL Easter Congress"]
[Site "Mercure Daventry Court Hotel"]
[Date "2023.04.09"]
[Round "5"]
[Board "21"]
[White "Guha, Chirag"]
[Black "Dicen, Elis Denele"]
[Result "1/2-1/2"]
[WhiteElo "1725"]
[BlackElo "1872"]
[PlyCount "129"]
[EventDate "2023.04.07"]
[EventRounds "7"]
[EventCountry "ENG"]

1. d4 d5 2. c4 e6 3. Nf3 Nf6 4. g3 dxc4 5. Qa4+ Nbd7 6. Qxc4 a6 7. Bg2 b5 8. Qc2
Bb7 9. O-O c5 10. e3 Rc8 11. Qe2 cxd4 12. exd4 Be7 13. b3 O-O 14. Bb2 Nb6 15. Nc3
Nbd5 16. Rac1 Nxc3 17. Rxc3 Rxc3 18. Bxc3 Qb6 19. Ne5 Bxg2 20. Kxg2 h6 21. Bb2 Rc8
22. Kg1 Qb7 23. Re1 Bb4 24. Rd1 Nd5 25. Rd3 Bc3 26. Rf3 Bxb2 27. Qxb2 f6 28. Nd3
Nc3 29. Kg2 Ne4 30. Re3 Nc5+ 31. Kg1 Nxd3 32. Rxd3 Qd5 33. Re3 Rd8 34. Qc3 Rd6 35.
Qc5 Kf7 36. Qa7+ Kg6 37. Qc5 Qc6 38. h4 Kf7 39. Rc3 Qd7 40. Rd3 Kg8 41. a3 Rc6 42.
Qh5 Rc1+ 43. Rd1 Rxd1+ 44. Qxd1 Qd5 45. Qc2 a5 46. Qc3 e5 47. dxe5 fxe5 48. Qxa5
Qxb3 49. Qd8+ Kh7 50. Qd6 Qb1+ 51. Kg2 Qe4+ 52. Kf1 h5 53. Qc5 Qd3+ 54. Ke1 g6 55.
Qe7+ Kg8 56. Qe8+ Kh7 57. Qf7+ Kh8 58. Qe7 Qe4+ 59. Kd2 Qd4+ 60. Ke2 Qe4+ 61. Kf1
Qh1+ 62. Ke2 Qe4+ 63. Kd2 Qd4+ 64. Ke2 Qe4+ 65. Kf1  1/2-1/2

[Event "3rd 4NCL Easter Congress"]
[Site "Mercure Daventry Court Hotel"]
[Date "2023.04.09"]
[Round "5"]
[Board "22"]
[White "Kothari, Jai"]
[Black "Headlong, Georgia"]
[Result "1-0"]
[WhiteElo "1722"]
[BlackElo "1694"]
[PlyCount "77"]
[EventDate "2023.04.07"]
[EventRounds "7"]
[EventCountry "ENG"]

1. e4 e5 2. Nf3 Nf6 3. Nc3 Nc6 4. Be2 Bb4 5. O-O O-O 6. Nd5 Be7 7. Nxe7+ Qxe7 8.
d3 d6 9. c3 h6 10. b4 Qd8 11. Qc2 Bg4 12. Bb2 Re8 13. h3 Bh5 14. b5 Nb8 15. c4 Nbd7
16. Rfe1 Bg6 17. Bf1 Nc5 18. Nd2 Ne6 19. Nb3 Qd7 20. a4 Nf4 21. c5 b6 22. cxd6 cxd6
23. f3 Rac8 24. Qd2 Qe6 25. Nc1 Rc7 26. Na2 Rec8 27. Nb4 Nd7 28. d4 Qf6 29. Nc6 Ne6
30. dxe5 dxe5 31. Qd6 Nb8 32. Bxe5 Qg5 33. Nxb8 Rxb8 34. f4 Qh5 35. Qb4 Rbc8 36.
Bxc7 Nxc7 37. Rac1 Qh4 38. Qd6 Qg3 39. Qd7  1-0

[Event "3rd 4NCL Easter Congress"]
[Site "Mercure Daventry Court Hotel"]
[Date "2023.04.09"]
[Round "5"]
[Board "23"]
[White "Gibbon, Eric"]
[Black "Gurner, Jem"]
[Result "0-1"]
[WhiteElo "1847"]
[BlackElo "1851"]
[PlyCount "114"]
[EventDate "2023.04.07"]
[EventRounds "7"]
[EventCountry "ENG"]

1. d4 Nf6 2. Nc3 d5 3. Bf4 c5 4. e3 cxd4 5. exd4 a6 6. Bd3 Nc6 7. Nf3 Bg4 8. Be2
e6 9. Ne5 Bxe2 10. Nxe2 Bd6 11. Nxc6 bxc6 12. O-O O-O 13. h3 Ne4 14. Bxd6 Qxd6 15.
f3 Nf6 16. Qd3 a5 17. Qe3 Nd7 18. Nf4 e5 19. dxe5 Nxe5 20. Nd3 Nc4 21. Qd4 Rfc8 22.
b3 Na3 23. Rac1 c5 24. Qf4 Qb6 25. Kh1 c4 26. Ne5 f6 27. Ng4 a4 28. Rfd1 axb3 29.
axb3 cxb3 30. cxb3 Rxc1 31. Rxc1 Qxb3 32. Nxf6+ gxf6 33. Qg4+ Kh8 34. Rc8+ Rxc8 35.
Qxc8+ Kg7 36. Qg4+ Kf8 37. Qc8+ Ke7 38. Qc7+ Ke6 39. Qc6+ Ke5 40. Qc7+ Kd4 41. Qf4+
Kc3 42. Qxf6+ d4 43. f4 Qd1+ 44. Kh2 Nc4 45. f5 Qe2 46. Qa6 Qe5+ 47. Kh1 Qxf5 48.
Qa1+ Nb2 49. Qe1+ Kb3 50. Qg3+ d3 51. Qb8+ Kc2 52. Qc7+ Kb1 53. Qc3 Qf1+ 54. Kh2
Qf4+ 55. g3 Qf2+ 56. Kh1 Qf1+ 57. Kh2 Qe2+  0-1

[Event "3rd 4NCL Easter Congress"]
[Site "Mercure Daventry Court Hotel"]
[Date "2023.04.09"]
[Round "5"]
[Board "24"]
[White "Ireland, David J"]
[Black "Hertog, Alexander"]
[Result "1/2-1/2"]
[WhiteElo "1932"]
[BlackElo "1585"]
[PlyCount "42"]
[EventDate "2023.04.07"]
[EventRounds "7"]
[EventCountry "ENG"]

1. d4 Nf6 2. Bg5 d5 3. Bxf6 exf6 4. e3 Bf5 5. Bd3 Bxd3 6. Qxd3 c6 7. Ne2 Nd7 8. Ng3
g6 9. e4 dxe4 10. Qxe4+ Qe7 11. Nc3 Qxe4+ 12. Ngxe4 f5 13. Nd2 Bg7 14. Nb3 Nb6 15.
O-O-O O-O-O 16. Rhe1 Rhe8 17. Ne2 Re7 18. Ng1 Rxe1 19. Rxe1 Bxd4 20. Nxd4 Rxd4 21.
Nf3 Rd7  1/2-1/2

[Event "3rd 4NCL Easter Congress"]
[Site "Mercure Daventry Court Hotel"]
[Date "2023.04.09"]
[Round "5"]
[Board "25"]
[White "Gardiner, Eric D"]
[Black "Moss, Jack O"]
[Result "1/2-1/2"]
[WhiteElo "1860"]
[BlackElo "1814"]
[PlyCount "36"]
[EventDate "2023.04.07"]
[EventRounds "7"]
[EventCountry "ENG"]

1. e4 e5 2. Nf3 Nc6 3. d4 exd4 4. Nxd4 Nf6 5. Nc3 Bb4 6. Nxc6 bxc6 7. Bd3 d5 8. exd5
O-O 9. O-O Bg4 10. f3 Bh5 11. dxc6 Qd4+ 12. Kh1 Bxc3 13. bxc3 Qxc3 14. Bg5 Qxc6 15.
Qd2 Bg6 16. Bxg6 hxg6 17. Bxf6 Qxf6 18. Rab1 Qa6  1/2-1/2

[Event "3rd 4NCL Easter Congress"]
[Site "Mercure Daventry Court Hotel"]
[Date "2023.04.09"]
[Round "5"]
[Board "26"]
[White "Pyda, Arjun"]
[Black "Briggs, John Nicholas"]
[Result "1/2-1/2"]
[WhiteElo "1692"]
[BlackElo "1994"]
[PlyCount "62"]
[EventDate "2023.04.07"]
[EventRounds "7"]
[EventCountry "ENG"]

1. e4 d6 2. d4 Nf6 3. Nc3 Nbd7 4. Nf3 e5 5. Bc4 Be7 6. O-O O-O 7. h3 c6 8. dxe5 dxe5
9. Be3 b5 10. Bd3 Qc7 11. a3 Bc5 12. Qe2 Re8 13. Rad1 a5 14. a4 b4 15. Nb1 Bxe3 16.
Qxe3 Nf8 17. Nbd2 Ng6 18. Nc4 Be6 19. b3 Rad8 20. Rfe1 c5 21. Ng5 Rd4 22. Nxe6 Rxe6
23. g3 Nd7 24. Nd2 Nb8 25. Nf3 Rd8 26. Bc4 Red6 27. Rd5 Nd7 28. Ng5 Nh8 29. Nf3 Ng6
30. Ng5 Nh8 31. Nf3 Ng6  1/2-1/2

[Event "3rd 4NCL Easter Congress"]
[Site "Mercure Daventry Court Hotel"]
[Date "2023.04.10"]
[Round "6"]
[Board "1"]
[White "Shearsby, Jude"]
[Black "Hebden, Mark L"]
[Result "0-1"]
[WhiteElo "2041"]
[BlackElo "2430"]
[PlyCount "112"]
[EventDate "2023.04.07"]
[EventRounds "7"]
[EventCountry "ENG"]

1. e4 e5 2. Nf3 Nc6 3. Bb5 a6 4. Ba4 Nf6 5. O-O Be7 6. Re1 b5 7. Bb3 O-O 8. c3 d6
9. h3 Na5 10. Bc2 c5 11. d4 Qc7 12. Nbd2 Bd7 13. d5 g6 14. Nf1 Nh5 15. Bh6 Rfb8 16.
b3 c4 17. b4 Nb7 18. Qc1 a5 19. a3 Nd8 20. g4 Ng7 21. Ng3 f6 22. Nh2 Nf7 23. Be3
Qc8 24. Rf1 axb4 25. axb4 Rxa1 26. Qxa1 Ra8 27. Qb1 Ra3 28. Bd2 Bd8 29. Kg2 Qa8 30.
Qe1 Bb6 31. Be3 Bxe3 32. Qxe3 Ra2 33. Bb1 Ra1 34. Bc2 Ra6 35. f4 Qa7 36. Qf3 Ra2
37. Rf2 Ne8 38. h4 Qa3 39. f5 Qc1 40. fxg6 hxg6 41. Qd1 Qh6 42. h5 Ng5 43. Qb1 Ra7
44. Bd1 gxh5 45. Nxh5 Qg6 46. Bf3 Ng7 47. Nxg7 Kxg7 48. Ra2 Rxa2+ 49. Qxa2 Be8 50.
Qa7+ Bf7 51. Qe3 Qh7 52. Nf1 Qh3+ 53. Kf2 Qh4+ 54. Ng3 Bg6 55. Qa7+ Kh6 56. Qb8 Nh3+
 0-1

[Event "3rd 4NCL Easter Congress"]
[Site "Mercure Daventry Court Hotel"]
[Date "2023.04.10"]
[Round "6"]
[Board "2"]
[White "Arkell, Keith C"]
[Black "Davies, Nigel R"]
[Result "1/2-1/2"]
[WhiteElo "2392"]
[BlackElo "2381"]
[PlyCount "31"]
[EventDate "2023.04.07"]
[EventRounds "7"]
[EventCountry "ENG"]

1. d4 Nf6 2. c4 e6 3. Nf3 b6 4. g3 c6 5. Bg2 Be7 6. O-O O-O 7. Bg5 d5 8. Nbd2 Nbd7
9. Qc2 Bb7 10. e4 Nxe4 11. Bxe7 Qxe7 12. Nxe4 dxe4 13. Qxe4 Nf6 14. Qe2 c5 15. d5
Rfe8 16. dxe6  1/2-1/2

[Event "3rd 4NCL Easter Congress"]
[Site "Mercure Daventry Court Hotel"]
[Date "2023.04.10"]
[Round "6"]
[Board "3"]
[White "Burrows, Martin P"]
[Black "Turner, Max N"]
[Result "1/2-1/2"]
[WhiteElo "2121"]
[BlackElo "2264"]
[PlyCount "146"]
[EventDate "2023.04.07"]
[EventRounds "7"]
[EventCountry "ENG"]

1. e4 e5 2. Nf3 Nc6 3. Bb5 a6 4. Ba4 Nf6 5. O-O Be7 6. Re1 b5 7. Bb3 O-O 8. h3 Bb7
9. d3 d6 10. a3 Na5 11. Ba2 c5 12. Nc3 Nc6 13. Nd5 Bc8 14. c3 Be6 15. d4 cxd4 16.
cxd4 Nxd4 17. Nxe7+ Qxe7 18. Nxd4 exd4 19. b4 Rac8 20. Bb2 Bxa2 21. Rxa2 Qe6 22.
Ra1 Rc4 23. Bxd4 Nd7 24. Re3 Rfc8 25. Rg3 f6 26. Re3 Ne5 27. f3 Ng6 28. Re2 Nf4 29.
Rd2 R8c6 30. Be3 Qe5 31. Kh1 g5 32. Qe1 Rc2 33. Rad1 Ng6 34. Qe2 R2c4 35. Bd4 Qe6
36. Qf2 h6 37. Kg1 Kf7 38. Ba1 Qe7 39. Qg3 Nf4 40. Kh1 Qe6 41. Bd4 Rc1 42. Be3 Qb3
43. Qe1 Rxd1 44. Rxd1 Ne6 45. Rc1 Rc4 46. Qd2 Ke7 47. Rd1 Rc6 48. Qd3 Qxd3 49. Rxd3
Nd8 50. a4 Rc4 51. axb5 axb5 52. Bd2 Ne6 53. Ra3 Nc7 54. Kg1 Rc2 55. Be1 Kd7 56.
h4 Ne6 57. Ra7+ Kc6 58. Ra6+ Kd7 59. Ra7+ Nc7 60. h5 Kc6 61. Ra3 Kd7 62. Ra7 Rc1
63. Kf2 Kc6 64. Ra3 Rc2+ 65. Kg3 Re2 66. Bc3 Ne6 67. Bxf6 Nf4 68. Kg4 Rxg2+ 69. Kf5
Nxh5 70. Ra6+ Kc7 71. Ra7+ Kb6 72. Bd4+ Kc6 73. Ra6+ Kd7  1/2-1/2

[Event "3rd 4NCL Easter Congress"]
[Site "Mercure Daventry Court Hotel"]
[Date "2023.04.10"]
[Round "6"]
[Board "4"]
[White "Okhai, Shabir"]
[Black "Valdepenas Octavio, Javier"]
[Result "1/2-1/2"]
[WhiteElo "2127"]
[BlackElo "2210"]
[PlyCount "65"]
[EventDate "2023.04.07"]
[EventRounds "7"]
[EventCountry "ENG"]

1. e4 c5 2. Nf3 d6 3. Bb5+ Nc6 4. O-O Bd7 5. Re1 Nf6 6. c3 a6 7. Bf1 Bg4 8. d4 cxd4
9. cxd4 d5 10. e5 Ng8 11. Be3 e6 12. Nc3 Nge7 13. h3 Bxf3 14. Qxf3 Nf5 15. Red1 Be7
16. Bd3 Nxe3 17. fxe3 O-O 18. Rf1 Rc8 19. Rf2 Na5 20. Raf1 Nc4 21. Qh5 g6 22. Qe2
b5 23. h4 Bxh4 24. Rf3 Qe7 25. Nd1 f6 26. exf6 Rxf6 27. Rxf6 Bxf6 28. Nf2 Bg7 29.
Nh3 e5 30. Qg4 Rf8 31. Bxc4 dxc4 32. Rxf8+ Bxf8 33. d5  1/2-1/2

[Event "3rd 4NCL Easter Congress"]
[Site "Mercure Daventry Court Hotel"]
[Date "2023.04.10"]
[Round "6"]
[Board "5"]
[White "Chan, Sheng Liang Bernard"]
[Black "Verma, Aditya"]
[Result "1/2-1/2"]
[WhiteElo "2043"]
[BlackElo "2149"]
[PlyCount "38"]
[EventDate "2023.04.07"]
[EventRounds "7"]
[EventCountry "ENG"]

1. d4 d5 2. c4 e6 3. Nf3 Nf6 4. g3 Bb4+ 5. Nbd2 dxc4 6. Bg2 O-O 7. Qc2 c5 8. Qxc4
Qb6 9. O-O cxd4 10. Nb3 Nc6 11. Nfxd4 Ne5 12. Qb5 Qxb5 13. Nxb5 Bd7 14. N5d4 Nd5
15. Rd1 Rac8 16. Bd2 Bxd2 17. Rxd2 Nc4 18. Rc2 Nb4 19. Rcc1 b6  1/2-1/2

[Event "3rd 4NCL Easter Congress"]
[Site "Mercure Daventry Court Hotel"]
[Date "2023.04.10"]
[Round "6"]
[Board "6"]
[White "Villiers, Thomas"]
[Black "Dignam, Matthew P"]
[Result "1-0"]
[WhiteElo "2160"]
[BlackElo "2057"]
[PlyCount "83"]
[EventDate "2023.04.07"]
[EventRounds "7"]
[EventCountry "ENG"]

1. e4 e6 2. d3 d5 3. Nd2 Nf6 4. Ngf3 dxe4 5. dxe4 Bc5 6. Bd3 Nc6 7. O-O e5 8. Nc4
Qe7 9. c3 a5 10. Qc2 O-O 11. Bg5 h6 12. Bh4 Bg4 13. Ne3 Bxf3 14. gxf3 Qe6 15. Rfd1
Nh5 16. Bg3 Ne7 17. Bf1 Qg6 18. Qe2 Kh8 19. Bg2 f5 20. Bxe5 fxe4 21. fxe4 Nf4 22.
Bxf4 Rxf4 23. Rd7 Raf8 24. Rf1 Rh4 25. Rfd1 Nc6 26. R1d5 Bxe3 27. fxe3 Rxe4 28. Qd3
Rf3 29. Rg5 Qxg5 30. Qxe4 Rxe3 31. Rd5 Ne5 32. h4 Rxe4 33. hxg5 Re3 34. gxh6 gxh6
35. Rxa5 Re1+ 36. Kh2 Nc4 37. Rc5 Ne3 38. Bxb7 Re2+ 39. Kg3 Rxb2 40. Rxc7 Rxa2 41.
Kf4 Nc4 42. Rxc4  1-0

[Event "3rd 4NCL Easter Congress"]
[Site "Mercure Daventry Court Hotel"]
[Date "2023.04.10"]
[Round "6"]
[Board "7"]
[White "Dilley, Jason M"]
[Black "Liu, Jason"]
[Result "1/2-1/2"]
[WhiteElo "2090"]
[BlackElo "1965"]
[PlyCount "151"]
[EventDate "2023.04.07"]
[EventRounds "7"]
[EventCountry "ENG"]

1. d4 e6 2. Nf3 Nf6 3. c4 Bb4+ 4. Bd2 Qe7 5. Nc3 O-O 6. Qc2 d6 7. a3 Bxc3 8. Bxc3
Nbd7 9. e4 e5 10. d5 c6 11. b4 cxd5 12. cxd5 Nb6 13. a4 Bg4 14. Nd2 Rfc8 15. Qb3
Qc7 16. Rc1 a5 17. bxa5 Rxa5 18. Bb5 Nxa4 19. Bxa4 Rc5 20. f3 b5 21. Bxb5 Rxc3 22.
Rxc3 Qxc3 23. Qxc3 Rxc3 24. Ke2 Bd7 25. Bd3 Kf8 26. Rb1 Rc7 27. Rb6 Ke7 28. Ba6 Ra7
29. Ke3 Ne8 30. g3 f6 31. h4 Rc7 32. Nc4 g6 33. Kd3 Ra7 34. Bb5 h5 35. Bxd7 Kxd7
36. Rb8 Rc7 37. g4 Ke7 38. gxh5 gxh5 39. Na5 Rd7 40. Nc6+ Kf7 41. Nd8+ Ke7 42. Ne6
Kf7 43. Rb2 Ng7 44. Nxg7 Kxg7 45. Rb6 Kf7 46. f4 exf4 47. Ke2 f5 48. Kf3 Kf6 49.
Kxf4 fxe4 50. Kxe4 Rd8 51. Kf4 Rg8 52. Rxd6+ Ke7 53. Re6+ Kd7 54. Rh6 Rg4+ 55. Ke5
Rxh4 56. Rh7+ Ke8 57. Ke6 Re4+ 58. Kd6 Ra4 59. Rxh5 Ra6+ 60. Kc7 Ra7+ 61. Kc6 Ra6+
62. Kb7 Ra3 63. Rh7 Kd8 64. Rg7 Ra2 65. Kc6 Ra6+ 66. Kc5 Ra5+ 67. Kd6 Ra6+ 68. Ke5
Rh6 69. Rf7 Ra6 70. Rf8+ Kd7 71. Rh8 Rg6 72. Rh7+ Kd8 73. d6 Rg1 74. Rh8+ Kd7 75.
Rh7+ Kd8 76. Kd4  1/2-1/2

[Event "3rd 4NCL Easter Congress"]
[Site "Mercure Daventry Court Hotel"]
[Date "2023.04.10"]
[Round "6"]
[Board "9"]
[White "White, Stuart A"]
[Black "Walker, Martin G"]
[Result "1/2-1/2"]
[WhiteElo "2051"]
[BlackElo "2083"]
[PlyCount "53"]
[EventDate "2023.04.07"]
[EventRounds "7"]
[EventCountry "ENG"]

1. d4 Nf6 2. c4 g6 3. Nc3 d5 4. Nf3 Bg7 5. Qb3 dxc4 6. Qxc4 O-O 7. e4 Na6 8. Be2
c5 9. d5 e6 10. O-O exd5 11. exd5 Re8 12. Be3 Nb4 13. Rad1 b6 14. Qb3 Bf5 15. Ne1
Bg4 16. Bf3 Qd7 17. a3 Na6 18. Qc4 Bxf3 19. Nxf3 Nc7 20. d6 Ne6 21. Ne5 Qb7 22. d7
Re7 23. Nb5 Nxd7 24. Nxf7 Ndf8 25. Nfd6 Qc6 26. Rd2 a6 27. Nc3  1/2-1/2

[Event "3rd 4NCL Easter Congress"]
[Site "Mercure Daventry Court Hotel"]
[Date "2023.04.10"]
[Round "6"]
[Board "10"]
[White "Fava, Lorenzo"]
[Black "Madhavan, Sanjith"]
[Result "1-0"]
[WhiteElo "2107"]
[BlackElo "1961"]
[PlyCount "57"]
[EventDate "2023.04.07"]
[EventRounds "7"]
[EventCountry "ENG"]

1. d4 d5 2. Bf4 Nf6 3. e3 c5 4. Nf3 Nc6 5. c3 e6 6. Nbd2 cxd4 7. exd4 Nh5 8. Bg3
Qb6 9. Qb3 Bd7 10. Qxb6 axb6 11. Bc7 b5 12. Bxb5 Nb4 13. Bxd7+ Kxd7 14. cxb4 Kxc7
15. a3 Kb6 16. O-O Bd6 17. g3 h6 18. Rfc1 Nf6 19. Ne1 h5 20. Nd3 h4 21. a4 Rh5 22.
Nc5 Rah8 23. a5+ Ka7 24. Nf3 Ng4 25. b5 g5 26. b6+ Kb8 27. Nd7+ Ka8 28. a6 Bb8 29.
Nc5  1-0

[Event "3rd 4NCL Easter Congress"]
[Site "Mercure Daventry Court Hotel"]
[Date "2023.04.10"]
[Round "6"]
[Board "11"]
[White "Zakarian, Dimitrios Levon"]
[Black "Khoury, Theo"]
[Result "1-0"]
[WhiteElo "1977"]
[BlackElo "2020"]
[PlyCount "53"]
[EventDate "2023.04.07"]
[EventRounds "7"]
[EventCountry "ENG"]

1. e4 c5 2. Nc3 a6 3. a4 d6 4. f4 g6 5. Nf3 Bg7 6. Bc4 Nc6 7. O-O e6 8. f5 exf5 9.
d3 Nge7 10. Qe1 h6 11. Qh4 Nd4 12. Nxd4 Bxd4+ 13. Kh1 Be6 14. Qe1 Be5 15. Bf4 Bxf4
16. Rxf4 g5 17. exf5 gxf4 18. fxe6 d5 19. Qe5 Rh7 20. Nxd5 Nxd5 21. exf7+ Kf8 22.
Bxd5 Rg7 23. Re1 Qd7 24. c4 Rd8 25. Qh5 Rxf7 26. Qxh6+ Kg8 27. Re6  1-0

[Event "3rd 4NCL Easter Congress"]
[Site "Mercure Daventry Court Hotel"]
[Date "2023.04.10"]
[Round "6"]
[Board "12"]
[White "Verma, Shlok"]
[Black "Thompson, Ian D"]
[Result "1/2-1/2"]
[WhiteElo "1950"]
[BlackElo "2078"]
[PlyCount "50"]
[EventDate "2023.04.07"]
[EventRounds "7"]
[EventCountry "ENG"]

1. d4 d5 2. c4 e6 3. Nf3 Nf6 4. Nc3 c6 5. Bg5 Nbd7 6. e3 Qa5 7. Nd2 Bb4 8. Qc2 h6
9. Bh4 O-O 10. Bd3 c5 11. O-O cxd4 12. exd4 dxc4 13. Nxc4 Qh5 14. Bg3 Nb6 15. Be2
Qf5 16. Qxf5 exf5 17. Nxb6 axb6 18. Bf3 Bxc3 19. bxc3 Ne4 20. Bxe4 fxe4 21. Rfb1
Be6 22. Rxb6 Rfc8 23. Rxb7 Rxc3 24. Rb8+ Rxb8 25. Bxb8 Bxa2  1/2-1/2

[Event "3rd 4NCL Easter Congress"]
[Site "Mercure Daventry Court Hotel"]
[Date "2023.04.10"]
[Round "6"]
[Board "13"]
[White "Ackley, Peter JE"]
[Black "Garcia-Ruiz, Aitor"]
[Result "1/2-1/2"]
[WhiteElo "1931"]
[BlackElo "2078"]
[PlyCount "35"]
[EventDate "2023.04.07"]
[EventRounds "7"]
[EventCountry "ENG"]

1. g3 g6 2. Bg2 Bg7 3. d3 d6 4. f4 c5 5. Nf3 Nc6 6. O-O e6 7. c3 Nge7 8. a4 O-O 9.
e4 f5 10. Be3 b6 11. Na3 Bb7 12. Qb3 d5 13. e5 Qd7 14. Nc2 Rab8 15. Bf2 h6 16. h4
Nd8 17. d4 c4 18. Qa2  1/2-1/2

[Event "3rd 4NCL Easter Congress"]
[Site "Mercure Daventry Court Hotel"]
[Date "2023.04.10"]
[Round "6"]
[Board "14"]
[White "Kothari, Jai"]
[Black "Mason, Donald J"]
[Result "0-1"]
[WhiteElo "1722"]
[BlackElo "2067"]
[PlyCount "106"]
[EventDate "2023.04.07"]
[EventRounds "7"]
[EventCountry "ENG"]

1. e4 c5 2. Nf3 Nc6 3. d4 cxd4 4. Nxd4 e5 5. Nb3 Nf6 6. f3 d5 7. exd5 Nxd5 8. c3
Be6 9. Bd3 Qh4+ 10. g3 Qh3 11. Qe2 Be7 12. N1d2 f5 13. Nc4 f4 14. Bd2 fxg3 15. O-O-O
g2 16. Rhg1 O-O 17. Rxg2 Rxf3 18. Be4 Rf7 19. Rg3 Qh4 20. Bxd5 Bxd5 21. Nxe5 Nxe5
22. Qxe5 Bxb3 23. axb3 Bf6 24. Qe2 Re7 25. Qg2 Qe4 26. Qh3 Rd8 27. Re3 Qd5 28. Rxe7
Bxe7 29. c4 Qd6 30. Qe3 Bf6 31. Qe2 Qd4 32. Bc3 Qxd1+ 33. Qxd1 Rxd1+ 34. Kxd1 Bxc3
35. bxc3 a5 36. Kd2 Kf7 37. Ke3 Ke6 38. Kd4 Kd6 39. h4 g6 40. Ke4 Kc5 41. Ke5 h6
42. Kf6 g5 43. hxg5 hxg5 44. Kxg5 a4 45. bxa4 Kxc4 46. Kf4 Kxc3 47. a5 Kb4 48. Ke3
Kxa5 49. Kd2 Kb4 50. Kc2 Ka3 51. Kb1 b5 52. Ka1 b4 53. Kb1 Kb3  0-1